00382pab a2200133 454500008004000000100001800040245009400058260000900152300001500161362000800176650001300184700001800197773003300215180718b2003 xxu||||| |||| 00| 0 eng d aJelen, Ted G. aCauses and consequences of public attitudes toward abortion: a review and research agenda c2003 ap.489-500. aDec aAbortion aWilcox, Clyde aPolitical Research Quarterly